Grammar of politics (Record no. 277)
[ view plain ]
| 000 -LEADER | |
|---|---|
| fixed length control field | 00474cam a2200193ua 4500 |
| 008 - FIXED-LENGTH DATA ELEMENTS--GENERAL INFORMATION | |
| fixed length control field | 110329n enk |||gr||||Z||||||eng |
| 040 ## - CATALOGING SOURCE | |
| Transcribing agency | MAIN |
| 082 ## - DEWEY DECIMAL CLASSIFICATION NUMBER | |
| Classification number | 320.01 |
| 245 1# - TITLE STATEMENT | |
| Title | Grammar of politics |
| Statement of responsibility, etc. | by Hardold J. Laski |
| 250 ## - EDITION STATEMENT | |
| Edition statement | 5th. |
| 260 ## - PUBLICATION, DISTRIBUTION, ETC. | |
| Place of publication, distribution, etc. | London: |
| Name of publisher, distributor, etc. | George allen & unwin ltd.,967. |
| 300 ## - PHYSICAL DESCRIPTION | |
| Extent | 672p: |
| Dimensions | 50cm. |
| 700 ## - ADDED ENTRY--PERSONAL NAME | |
| Personal name | Laski, Harold J., |
| 942 ## - ADDED ENTRY ELEMENTS (KOHA) | |
| Koha item type | Books |
| 653 ## - INDEX TERM--UNCONTROLLED | |
| Uncontrolled term | Political science |
| 653 ## - INDEX TERM--UNCONTROLLED | |
| Uncontrolled term | Politics |
| 653 ## - INDEX TERM--UNCONTROLLED | |
| Uncontrolled term | Grammar of politics |
| Withdrawn status | Lost status | Damaged status | Not for loan | Home library | Current library | Shelving location | Date acquired | Total Checkouts | Full call number | Barcode | Date last seen | Copy number | Price effective from | Koha item type |
|---|---|---|---|---|---|---|---|---|---|---|---|---|---|---|
| Naharkatiya College Library | Naharkatiya College Library | General Stacks | 19/09/2020 | 320.01 | LAS | 198 | 19/09/2020 | 5 | 19/09/2020 | Books | |||||
| Naharkatiya College Library | Naharkatiya College Library | General Stacks | 19/09/2020 | 320.01 | LAS | 199 | 19/09/2020 | 1 | 19/09/2020 | Books | |||||
| Naharkatiya College Library | Naharkatiya College Library | General Stacks | 19/09/2020 | 320.01 | LAS | 200 | 19/09/2020 | 3 | 19/09/2020 | Books | |||||
| Naharkatiya College Library | Naharkatiya College Library | General Stacks | 19/09/2020 | 320.01 | LAS | 201 | 19/09/2020 | 4 | 19/09/2020 | Books | |||||
| Naharkatiya College Library | Naharkatiya College Library | General Stacks | 19/09/2020 | 320.01 | LAS | 202 | 19/09/2020 | 19/09/2020 | Books |
